| 000 | 00447cam a22001217a 4500 | ||
|---|---|---|---|
| 008 | 180718b1971 xxu||||| |||| 00| 0 eng d | ||
| 082 | _aB19x5412 Se55 | ||
| 245 |
_aModern Bengal: a socio-economic survey (proceedings of a seminar held at the Institute of Sept. 1971) _cedited by S.P. Sen |
||
| 260 |
_aCalcutta _bInstitute of Historical Studies _c1971 |
||
| 300 | _a97p. | ||
| 650 | _aWest Bengal - Social Conditions - Surveys. | ||
| 700 | _aSen, S.P. | ||
| 999 |
_c354068 _d354068 |
||